[Event "Moscow-ch Women 2021"]
[Site "Moscow"]
[Date "2021.03.25"]
[Round "1.8"]
[White "Barkasheva, Sofia"]
[Black "Danilova, Rada"]
[Result "0-1"]
[WhiteElo "1634"]
[BlackElo "2048"]
[Annotator "TA"]
[PlyCount "174"]
[EventDate "2021.03.25"]
[EventType "swiss"]
[EventCountry "RUS"]
[SourceTitle "playchess.com"]
[Source "ChessBase"]
[SourceQuality "1"]

{[%evp 32,174,43,37,40,33,33,24,26,37,37,36,64,47,130,123,125,133,132,122,191,33,20,20,25,0,0,0,30,44,31,41,32,33,97,0,0,-106,468,468,486,195,194,194,225,218,218,214,226,208,255,262,446,396,524,516,496,393,505,500,665,314,297,0,266,136,120,79,163,114,237,0,0,0,0,0,0,-275,-27,-88,-50,-43,-43,-43,-43,-43,-43,-50,-43,-485,-478,-400,-24,-29961,-29963,-29966,-29966,-29966,-29967,-29970,-29970,-29972,-29973,-29973,-29969,-29969,-29970,-29969,-12323,-29976,-29963,-29962,-6103,-29980,-29981,-29981,-29969,-29982,-29983,-29983,-29984,-29984,-29984,-29985,-29986,-29986,-29987,-29987,-29988,-29988,-29987,-29987,-29988,-29988,-29989,-29993,-29988,-29988,-29989,-29992,-29986,-29989,-29990,-29992,-29993]} 1. e4 c5 2. Nf3 Nc6 3. d4 cxd4 4. Nxd4 Nf6 5. Nc3 e5 6. Ndb5 d6 7. Bg5 a6 8. Na3 b5 9. Nd5 Be7 10. Bxf6 Bxf6 11. c3 O-O 12. Nc2 Bg5 13. a4 bxa4 14. Rxa4 a5 15. Bc4 Rb8 16. b3 Kh8 17. O-O f5 {B33: Sicilian: Pelikan and Sveshnikov Variations.} 18. Qe2 fxe4 19. Qxe4 Bf5 {White has an edge.} 20. Qe2 Bg6 21. Nce3 {[#]} Bh4 $146 ({Predecessor (5):} 21... e4 22. Nc2 Qc8 23. Nd4 Nxd4 24. cxd4 Bd8 25. Qe3 Be8 26. Ra3 Qf5 27. Qg3 Bb5 28. h3 Bxc4 29. bxc4 {½-½ (43) Olofsson,D (2550)-Edwards,J (2518) ICCF email 2016}) 22. Qg4 (22. Bb5 $5 {[%cal Rb5c6]} Na7 23. Bc4 $14) 22... e4 (22... Be7 $14) 23. Nf4 $16 Ne5 24. Nxg6+ Nxg6 25. Qxe4 Qf6 (25... Bg5 $16 26. Nd5 Nf4) 26. Nd5 $2 ({Don't blunder} 26. Rxa5 $2 Bxf2+ 27. Kh1 Rbe8 $19) (26. g3 $18) 26... Bxf2+ $14 27. Kh1 Qg5 28. Rxa5 Rbe8 29. Nc7 Qxa5 30. Nxe8 d5 {[%cal Rd5e4]} 31. Bxd5 {Hoping for Nd6.} Qd8 32. Bc6 Rf4 ({Black should play} 32... Qd2 $14) 33. Qd5 (33. Qe2 $16 Qh4 34. h3) 33... Qh4 $11 {[%cal Rh4h2]} 34. Qd7 (34. h3 $1 $11 {was the only way to keep the balance.} Ne7 35. Qd8) 34... Bd4 $2 {[%mdl 8192]} 35. Bf3 $1 $18 Nf8 36. Qb5 (36. Qc7 $142 Rxf3 37. gxf3) 36... Bf2 {( -> ...Qxh2+!)} 37. Qh5 $1 {[%cal Rh5h4]} (37. Qb7 $2 {leads to mate.} Qxh2+ $3 {[%mdl 512]} 38. Kxh2 Rh4#) 37... Qe7 {intending ...Rh4.} 38. g3 g6 39. Qd5 Rf5 40. Qd3 {aiming for Nd6.} Ba7 41. Nd6 Qd7 (41... Rf6) 42. Rd1 Rf6 43. c4 Ne6 44. Bg4 Qc6+ 45. Ne4 Nd4 46. Bd7 Qa8 47. Bg4 (47. Ra1 $18 Nxb3 48. Rxa7 $1 {[%mdl 512]} Qxa7 49. Ba4 $1 {[%mdl 512]}) 47... Rf8 $2 {[%mdl 8192]} (47... Qc6 $1 $11 {and Black has nothing to worry.}) 48. Re1 ({White has to play} 48. b4 $18 {Black must now prevent c5.} Re8 49. Re1) 48... Qb7 $16 49. h4 h5 (49... Qxb3 $16 {was necessary.} 50. Qxb3 Nxb3) 50. Bd1 Rf2 (50... Nf5 $16) 51. Qe3 $2 (51. Qc3 $18 {c5 is the strong threat.} Rf8 52. b4) 51... Nf5 $11 52. Qg5 Kh7 53. c5 Bxc5 $1 $40 {[%mdl 128] Black is up to no good.} 54. b4 $2 {[%mdl 8192]} (54. Bxh5 $11 {and White is okay.} gxh5 55. Qxh5+ Kg7 56. Qg5+ Kh8 57. Qh5+ Kg7 58. Qg5+ Kh8 59. Qh5+ Kg7) 54... Bxb4 $2 (54... Be7 $19 55. Kg1 Bxg5 56. Nxg5+ Kh6 57. Kxf2 Qxb4) 55. Kg1 Bxe1 56. Nxf2 Bxf2+ 57. Kxf2 Qa7+ 58. Kf3 Qa3+ 59. Kf2 Qc5+ 60. Kf3 $2 {[%mdl 8192] [#]} (60. Kf1 $15) 60... Qd5+ $1 $19 61. Ke2 {[#]} Qg2+ $2 ({Black should try} 61... Kg7 $1 $19 {And now ...Qg2+ would win.} 62. Bc2 Qg2+ 63. Kd3 Qxg3+ 64. Qxg3 Nxg3) 62. Ke1 $2 {[%mdl 8192]} (62. Kd3 $11) 62... Qxg3+ 63. Qxg3 Nxg3 {[%mdl 4096] Endgame KB-KN} 64. Kf2 Nf5 65. Kf3 Nxh4+ 66. Kf4 Kh6 67. Bc2 Ng2+ 68. Kg3 Ne3 69. Be4 Nc4 (69... g5 $142 70. Kf3 Ng4 71. Bf5 Ne5+ 72. Ke4 Ng6 73. Kd4 g4 74. Bd3 Kg5 75. Bf1 Kf4 76. Kc5 h4 77. Bd3 Ne5 78. Be2 h3 79. Bf1 Nf3 80. Kd6 Nd2 81. Be2 g3 82. Bh5 h2 83. Bf7 g2 84. Bg8 g1=Q 85. Bd5 Ne4+ 86. Ke7 Qg5+ 87. Kf7 Qxd5+ 88. Kg7 h1=Q 89. Kf8 Qh8+ 90. Ke7 Qhd8#) 70. Kh3 Kg5 71. Bd5 Nd6 (71... Ne5 $142 72. Bb3 Kf4 73. Bd1 Ng4 74. Kh4 Nf6 75. Kh3 g5 76. Bb3 Ne4 77. Bd5 Nd2 78. Bh1 h4 79. Kh2 Nf3+ 80. Kg2 g4 81. Kf2 Nd2 82. Bg2 Ne4+ 83. Bxe4 Kxe4 84. Kg2 Kf4 85. Kg1 h3 86. Kf1 g3 87. Ke1 h2 88. Ke2 h1=Q 89. Kd3 Qc1 90. Kd4 Qc6 91. Kd3 g2 92. Kd4 g1=Q+ 93. Kd3 Qe3#) 72. Bc6 Kf4 {Black mates.} 73. Kh4 Nf5+ 74. Kh3 g5 75. Be8 g4+ 76. Kh2 h4 77. Bc6 Nd4 78. Bd7 Nf3+ 79. Kh1 g3 80. Bh3 Ke3 81. Bg2 Ng5 82. Bf1 h3 83. Kg1 Kf3 84. Bg2+ Kg4 85. Bf1 Kh4 86. Kh1 Ne4 87. Kg1 h2+ {What a fight!  Weighted Error Value: White=0.72/Black=0.59} 0-1

[Event "Moscow-ch Women 2021"]
[Site "Moscow"]
[Date "2021.03.25"]
[Round "1.9"]
[White "Shvedova, Alexandra"]
[Black "Panina, Sofya"]
[Result "1-0"]
[WhiteElo "1997"]
[BlackElo "1341"]
[Annotator "TA"]
[PlyCount "105"]
[EventDate "2021.03.25"]
[EventType "swiss"]
[EventCountry "RUS"]
[SourceTitle "playchess.com"]
[Source "ChessBase"]
[SourceQuality "1"]

{[%evp 9,104,37,45,47,56,40,59,34,27,-7,-5,4,-10,0,0,-39,-31,-20,-7,-8,0,0,0,-8,-15,-53,-25,-62,0,-90,-36,-80,-67,-53,-24,-62,-42,-24,-8,-21,-14,-56,-16,-70,-69,-95,0,0,0,0,0,0,60,38,26,28,60,33,26,29,31,20,20,0,0,0,26,27,21,0,144,133,115,70,67,63,74,65,80,80,77,63,67,62,81,81,81,68,339,323,1185,1072,29983,29982,29994,29995,29999]} 1. e4 e5 2. Nf3 Nc6 3. Bc4 Be7 4. O-O d6 5. c3 Bg4 6. Re1 {C50: Hungarian Defence and Giuoco Pianissimo.} (6. h3 {is more complex.} Bh5 7. d3 Nf6 8. Nbd2 O-O 9. Re1) 6... Nf6 7. h3 Bh5 8. Bb5 {White is slightly better.} O-O 9. d4 exd4 10. Bxc6 bxc6 11. cxd4 d5 {[#]} 12. e5 $146 ({Predecessor:} 12. Nbd2 Bb4 13. Qb3 Rb8 14. Qc2 Nxe4 15. Rxe4 dxe4 16. Nxe4 Bxf3 17. gxf3 Qxd4 18. Be3 {0-1 (61) Anastasie,L (1445)-Bellahcene,A (1816) Hyeres 2019}) 12... Ne4 13. Nc3 Nxc3 14. bxc3 c5 15. dxc5 Bxc5 16. Be3 Bb6 17. Qe2 c6 18. Rad1 Qc7 ({Black should try} 18... Re8 $1 $15) 19. Bg5 (19. c4 $11) 19... Rfe8 (19... Rae8 $17 20. g4 f6 $1) 20. Bh4 Bxf3 21. gxf3 Re6 22. Bg3 Rae8 23. f4 Rg6 {Threatens to win with ...Rxg3+.} 24. Kh2 Qd7 25. Qe4 Qc8 ({Of course not} 25... dxe4 26. Rxd7 f5 27. Red1 $11) (25... Rf6 {with more complications.} 26. Qf3 Rf5 27. Bh4 Bc7 28. Qg4 g6) 26. Qg2 (26. Qf3 $11) 26... Qf5 $15 27. c4 {[#]} dxc4 (27... d4 $1 $17 28. Qe4 Qxe4 29. Rxe4 c5) 28. Qe4 $1 $11 {[%cal Re4f5]} Qh5 29. Qxc4 Rh6 30. Qf1 g5 (30... Qf5 $11) 31. fxg5 Qxg5 32. Re4 Qe7 33. Qc4 Qe6 34. Rg4+ Rg6 35. Qxe6 Rexe6 36. f4 f5 $1 37. Rxg6+ (37. exf6 {is interesting.} Rexf6 38. Kg2 Rf5 39. Rd6 Kf7 40. Rd7+) 37... hxg6 {[%mdl 4096] Endgame KRB-KRB} 38. Kg2 Kf7 39. Kf3 Re8 {[#]} (39... c5 $11) 40. Bh4 $1 $16 c5 41. Rd6 Re6 $1 {[%cal Re6d6] Hoping for ...Rxd6.} 42. Rd7+ Kf8 43. Ke2 {And now Kd3 would win.} c4 44. Kd2 Rc6 45. Kc2 Be3 46. Bg5 c3 47. h4 Bf2 48. a4 Ra6 $2 {[%mdl 8192] This move loses the game for Black.} ({Black should play} 48... Bb6 $14) 49. Kxc3 $18 Rxa4 $2 (49... Ke8 50. Re7+ Kf8) 50. e6 Bc5 51. Bf6 {[%cal Rd7d8] White mates.} Kg8 52. Rd8+ Kh7 53. Rh8# {Weighted Error Value: White=0.14/Black=0.42} 1-0

[Event "Moscow-ch Women 2021"]
[Site "Moscow"]
[Date "2021.03.25"]
[Round "1.10"]
[White "Gerasimova, Maria V."]
[Black "Ilyina, Lada"]
[Result "0-1"]
[WhiteElo "1166"]
[BlackElo "1959"]
[Annotator "TA"]
[PlyCount "74"]
[EventDate "2021.03.25"]
[EventType "swiss"]
[EventCountry "RUS"]
[SourceTitle "playchess.com"]
[Source "ChessBase"]
[SourceQuality "1"]

{[%evp 20,74,12,17,22,0,0,0,5,-14,33,0,40,-12,22,-1,0,0,0,-4,-11,-5,0,-79,-65,-109,-95,-85,-56,-60,-49,-202,-207,-220,-216,-237,-101,-116,-102,-112,-62,-358,-397,-386,-336,-1351,-1361,-29979,-29979,-29975,-2161,-29989,-29974,-5410,-29975,-29975,-700]} 1. e4 e6 2. d4 d5 3. exd5 exd5 4. Bd3 Nf6 5. Nf3 Bd6 6. O-O O-O 7. c3 Bg4 8. Bg5 c6 9. Nbd2 Nbd7 10. Qc2 Qc7 11. h3 Bh5 {C01: French: Exchange Variation.} 12. Rfe1 Bg6 13. Bxg6 hxg6 {The position is equal.} 14. Re2 {[#]} c5 $146 ({Predecessor:} 14... Rfe8 15. Rae1 {½-½ (15) Hodak,S (2209)-Abramovic,D (2122) Osijek 2012}) 15. Rae1 a6 16. Nb3 (16. dxc5 $14 Qxc5 17. Qb3) 16... b6 (16... c4 $5 {[%cal Rc4b3]} 17. Nbd2 Rfe8 $11) 17. Ne5 Ne4 18. Nxd7 Qxd7 19. Be3 c4 20. Nd2 f5 21. Nxe4 (21. Nf1 $11) 21... fxe4 $17 22. Bg5 Bc7 23. Bh4 Rf5 24. b3 b5 25. Re3 $2 {[#]} (25. Bg3 $15) 25... Bf4 $1 $19 26. R3e2 Qc7 27. f3 Bh2+ (27... Raf8 $19 {and Black stays clearly on top.} 28. bxc4 bxc4) 28. Kh1 $17 exf3 29. gxf3 {aiming for Re8+.} Bg3 30. Re8+ $2 {[%mdl 8192]} (30. Re7 $1 $15 Qf4 31. Bxg3 Qxg3 32. Qg2 Rxf3 33. Qxg3 Rxg3 34. bxc4) 30... Rxe8 $19 31. Rxe8+ Kh7 32. Be7 (32. Bxg3 Qxg3 {[%mdl 64] Double Attack} 33. Qg2 Rxf3 34. Qxg3 Rxg3 35. bxc4 dxc4 36. Re6) 32... Qd7 33. Rf8 Rh5 34. Qg2 Qxe7 (34... Rxh3+ $142 35. Kg1 Qe6 36. Qf1 Rh5 37. Bd8 Qe3+ {[%mdl 64] Double Attack} 38. Kg2 Bd6 39. f4 Bxf8 40. bxc4 dxc4 41. Qd1 Qh3+ 42. Kf2 Qh2+ {[%mdl 64] Double Attack} 43. Ke3 Rh3+ 44. Qf3 Qg1+ 45. Ke4 Qe1+ 46. Kd5 Rxf3 47. Kc6 Qe8+ 48. Kc7 Rxf4 49. d5 Rf7+ 50. Be7 Qxe7+ 51. Kb6 Qc5+ {[%mdl 64] Double Attack} 52. Ka5 b4+ 53. Kxa6 Ra7#) 35. Ra8 Qe1+ 36. Qg1 Rxh3+ 37. Kg2 Rh2+ {Weighted Error Value: White=1.19/Black=0.36} (37... Qe6 $142 38. Rf8 Bd6 39. Kf2 Bxf8 40. bxc4 dxc4 41. Qg2 Be7 42. Qg4 Rh2+ 43. Qg2 Rxg2+ 44. Kxg2 Qe2+ {[%mdl 64] Double Attack} 45. Kg3 {[#]} Bh4+ $1 {[%mdl 576] Deflection} 46. Kxh4 Qxf3 47. d5 Kh6 48. d6 g5#) 0-1

[Event "Moscow-ch Women 2021"]
[Site "Moscow"]
[Date "2021.03.26"]
[Round "2.1"]
[White "Danilova, Rada"]
[Black "Charochkina, Daria"]
[Result "0-1"]
[WhiteElo "2048"]
[BlackElo "2337"]
[Annotator "ChessBase"]
[PlyCount "78"]
[EventDate "2021.03.25"]
[EventType "swiss"]
[EventCountry "RUS"]
[SourceTitle "playchess.com"]
[Source "ChessBase"]
[SourceQuality "1"]
[TimeControl "5400+30"]

1. d4 {[%emt 0:00:00]} Nf6 {[%emt 0:00:00]} 2. Nf3 {[%emt 0:00:00]} e6 {[%emt 0:00:00]} 3. c4 {[%emt 0:00:00]} Nc6 {[%emt 0:00:00]} 4. Nc3 {[%emt 0:03:02]} Bb4 {[%emt 0:01:09]} 5. Bg5 {[%emt 0:02:50]} h6 {[%emt 0:01:31]} 6. Bxf6 {[%emt 0:00:58]} Qxf6 {[%emt 0:00:13]} 7. e4 {[%emt 0:00:39]} Bxc3+ {[%emt 0:05:46]} 8. bxc3 {[%emt 0:00:02]} d6 {[%emt 0:00:26]} 9. g3 {[%emt 0:06:01]} O-O {[%emt 0:00:57]} 10. Bg2 {[%emt 0:00:16]} e5 {[%emt 0:01:00]} 11. d5 {[%emt 0:06:23]} Nb8 {[%emt 0:00:38]} 12. Nd2 {[%emt 0:10:48]} a5 {[%emt 0:01:58]} 13. O-O {[%emt 0:00:57]} Na6 {[%emt 0:02:04]} 14. Nb3 {[%emt 0:10:08]} b6 {[%emt 0:21:54]} 15. f4 {[%emt 0:03:59]} a4 {[%emt 0:02:35]} 16. fxe5 {[%emt 0:01:27]} Qxe5 {[%emt 0:04:38]} 17. Nd4 {[%emt 0:00:10]} Nc5 {[%emt 0:02:04]} 18. Qe2 {[%emt 0:04:14]} Bd7 {[%emt 0:01:21]} 19. Rae1 {[%emt 0:01:34]} Rae8 {[%emt 0:06:50]} 20. Qd2 {[%emt 0:03:08]} Qg5 {[%emt 0:13:03]} 21. Qc2 {[%emt 0:11:57]} g6 {[%emt 0:04:44]} 22. Nf3 {[%emt 0:04:38]} Qf6 {[%emt 0:04:10]} 23. Nd4 {[%emt 0:02:38]} Qg7 {[%emt 0:00:19]} 24. Qd2 {[%emt 0:03:40]} Re7 {[%emt 0:00:37]} 25. Re3 {[%emt 0:02:35]} Rfe8 {[%emt 0:02:09]} 26. Rfe1 {[%emt 0:00:10]} Re5 {[%emt 0:00:16]} 27. Qf2 {[%emt 0:02:21]} f5 {[%emt 0:05:51]} 28. Qc2 {[%emt 0:09:22]} fxe4 {[%emt 0:05:27]} 29. Rf1 {[%emt 0:00:28]} Rf8 {[%emt 0:03:31]} 30. Rfe1 {[%emt 0:00:04]} Nd3 {[%emt 0:02:11]} 31. R1e2 {[%emt 0:00:07]} Bg4 {[%emt 0:05:56]} 32. Rd2 {[%emt 0:01:09]} Qf6 {[%emt 0:00:09]} 33. h3 {[%emt 0:01:09]} Qg5 {[%emt 0:00:55]} 34. Rxe4 {[%emt 0:05:48]} Rxe4 {[%emt 0:00:13]} 35. Bxe4 {[%emt 0:01:50]} Qe3+ {[%emt 0:00:04]} 36. Kh2 {[%emt 0:00:12]} Ne1 {[%emt 0:00:54]} 37. Qc1 {[%emt 0:02:44]} Qxe4 {[%emt 0:01:00]} 38. Re2 {[%emt 0:00:57]} Bxe2 {[%emt 0:00:19]} 39. Qxe1 {[%emt 0:00:02]} Rf1 {[%emt 0:00:20]} 0-1

[Event "Moscow-ch Women 2021"]
[Site "Moscow"]
[Date "2021.03.26"]
[Round "2.2"]
[White "Diakonova, Ekaterina"]
[Black "Shvedova, Alexandra"]
[Result "1/2-1/2"]
[WhiteElo "2156"]
[BlackElo "1997"]
[Annotator "NA"]
[PlyCount "82"]
[EventDate "2021.03.25"]
[EventType "swiss"]
[EventCountry "RUS"]
[SourceTitle "playchess.com"]
[Source "ChessBase"]
[SourceQuality "1"]
[TimeControl "5400+30"]

1. e4 {[%emt 0:05:24]} e5 {[%emt 0:00:00]} 2. Nf3 {[%emt 0:00:06]} Nc6 {[%emt 0:00:00]} 3. Bb5 {[%emt 0:00:04]} Nf6 {[%emt 0:00:00]} 4. d3 {[%emt 0:00:03]} d6 {[%emt 0:00:00]} 5. c3 {[%emt 0:00:05]} g6 {[%emt 0:00:03]} 6. O-O {[%emt 0:00:05]} Bg7 {[%emt 0:00:04]} 7. Nbd2 {[%emt 0:00:04]} O-O {[%emt 0:00:13]} 8. Re1 {[%emt 0:00:10]} Re8 {[%emt 0:00:19] now scores much better than the old 8...a6.} 9. Nf1 {[%emt 0:09:45]} a6 {[%emt 0:02:30]} 10. Ba4 {[%emt 0:00:59]} b5 {[%emt 0:04:13]} 11. Bc2 {[%emt 0:00:55]} d5 {[%emt 0:03:13]} 12. a4 {[%emt 0:02:28] [#]} Be6 $146 {[%emt 0:05:24]} ({Predecessor:} 12... Rb8 13. Ng3 d4 14. cxd4 Nxd4 15. Nxd4 Qxd4 16. Be3 Qxb2 17. Qd2 bxa4 18. Reb1 a3 19. Rxb2 axb2 20. Rb1 Bf8 21. Ba4 {1-0 (21) Chandika,D (2160)-Babu,N (2296) Chennai 2012}) 13. axb5 {[%emt 0:18:11]} axb5 {[%emt 0:00:06]} 14. Rxa8 {[%emt 0:00:03]} Qxa8 {[%emt 0:00:06]} 15. exd5 {[%emt 0:00:25]} Nxd5 {[%emt 0:01:45]} 16. Ng5 {[%emt 0:00:50]} Qd8 {[%emt 0:10:53]} 17. Nxe6 {[%emt 0:02:28]} Rxe6 {[%emt 0:00:06]} 18. Bb3 {[%emt 0:01:11]} Rd6 {[%emt 0:03:09]} 19. Qf3 {[%emt 0:02:40]} Nf6 {[%emt 0:14:01]} 20. Be3 {[%emt 0:02:48]} Qd7 {[%emt 0:11:13]} 21. Bc2 {[%emt 0:09:28]} Nd5 {[%emt 0:17:01]} 22. Bc5 {[%emt 0:02:35]} Rf6 $14 {[%emt 0:00:22]} 23. Qe4 {[%emt 0:00:18]} Nf4 {[%emt 0:01:10]} 24. d4 {[%emt 0:03:49]} Ne6 {[%emt 0:00:29]} 25. dxe5 {[%emt 0:16:47]} Nxc5 {[%emt 0:01:16]} 26. Qe3 {[%emt 0:00:25]} Re6 {[%emt 0:00:20]} 27. Qxc5 {[%emt 0:00:05]} Rxe5 {[%emt 0:00:27]} 28. Rxe5 {[%emt 0:00:25]} Nxe5 {[%emt 0:00:04]} 29. Be4 {[%emt 0:07:51]} h5 {[%emt 0:11:37]} 30. h3 {[%emt 0:03:24]} f5 {[%emt 0:10:35]} 31. Bd5+ {[%emt 0:00:28]} Kh7 {[%emt 0:00:08]} 32. f4 {[%emt 0:07:31]} Nd3 {[%emt 0:00:19]} 33. Qc6 {[%emt 0:00:01]} Qe7 {[%emt 0:02:22]} 34. Qxb5 {[%emt 0:03:35]} Qe2 {[%emt 0:00:38]} 35. Ng3 {[%emt 0:00:09]} Qf2+ {[%emt 0:00:28]} 36. Kh2 {[%emt 0:00:01]} Nxf4 {[%emt 0:00:16]} 37. Bf3 {[%emt 0:01:03]} Qc2 {[%emt 0:01:43]} 38. Ne2 {[%emt 0:01:25]} Nd3 {[%emt 0:01:05]} 39. Nd4 {[%emt 0:00:19]} Qd2 {[%emt 0:00:32]} 40. Qd7 {[%emt 0:00:14]} Kh6 {[%emt 0:00:44]} 41. Nc6 {[%emt 0:00:01]} Qf4+ {[%emt 0:00:23]} 1/2-1/2

[Event "Moscow-ch Women 2021"]
[Site "Moscow"]
[Date "2021.03.26"]
[Round "2.3"]
[White "Ilyina, Lada"]
[Black "Zherebtsova, Alexandra"]
[Result "0-1"]
[WhiteElo "1959"]
[BlackElo "2177"]
[Annotator "ChessBase"]
[PlyCount "74"]
[EventDate "2021.03.25"]
[EventType "swiss"]
[EventCountry "RUS"]
[SourceTitle "playchess.com"]
[Source "ChessBase"]
[SourceQuality "1"]
[TimeControl "5400+30"]

1. e4 {[%emt 0:00:00]} e5 {[%emt 0:02:20]} 2. Nf3 {[%emt 0:00:00]} Nc6 {[%emt 0:00:32]} 3. Bc4 {[%emt 0:00:00]} Nf6 {[%emt 0:02:48]} 4. d3 {[%emt 0:00:06]} h6 {[%emt 0:00:12]} 5. c3 {[%emt 0:00:58]} d6 {[%emt 0:01:23]} 6. Nbd2 {[%emt 0:07:31]} Qe7 {[%emt 0:05:41]} 7. Nf1 {[%emt 0:03:32]} g6 {[%emt 0:01:30]} 8. Ne3 {[%emt 0:00:08]} Bg7 {[%emt 0:01:22]} 9. b4 {[%emt 0:03:15]} Nd8 {[%emt 0:03:34]} 10. Bb2 {[%emt 0:07:24]} Ne6 {[%emt 0:13:10]} 11. g3 {[%emt 0:01:59]} c6 {[%emt 0:01:53]} 12. a4 {[%emt 0:07:30]} O-O {[%emt 0:15:18]} 13. a5 {[%emt 0:03:56]} Nc7 {[%emt 0:03:45]} 14. Bb3 {[%emt 0:08:49]} d5 {[%emt 0:03:18]} 15. Bc2 {[%emt 0:01:01]} Ng4 {[%emt 0:08:40]} 16. O-O {[%emt 0:05:19]} Be6 {[%emt 0:09:13]} 17. Nd2 {[%emt 0:03:23]} f5 {[%emt 0:06:26]} 18. Nxg4 {[%emt 0:05:13]} fxg4 {[%emt 0:00:01]} 19. c4 {[%emt 0:01:10]} d4 {[%emt 0:01:19]} 20. Ba4 {[%emt 0:13:27]} Rf7 {[%emt 0:03:44]} 21. Ba3 {[%emt 0:00:52]} Qg5 {[%emt 0:07:17]} 22. b5 {[%emt 0:05:20]} cxb5 {[%emt 0:00:11]} 23. cxb5 {[%emt 0:00:14]} Bf8 {[%emt 0:00:14]} 24. Bxf8 {[%emt 0:02:34]} Raxf8 {[%emt 0:00:19]} 25. b6 {[%emt 0:00:26]} axb6 {[%emt 0:00:30]} 26. axb6 {[%emt 0:00:02]} Ne8 {[%emt 0:03:52]} 27. Nb3 {[%emt 0:01:48]} Kg7 {[%emt 0:00:50]} 28. Nc5 {[%emt 0:00:30]} Bc8 {[%emt 0:00:48]} 29. Bb3 {[%emt 0:01:06]} Rf6 {[%emt 0:00:43]} 30. Ra8 {[%emt 0:00:17]} Nd6 {[%emt 0:00:49]} 31. Bd5 {[%emt 0:02:00]} Nb5 {[%emt 0:01:26]} 32. Rxc8 {[%emt 0:07:41]} Rxc8 {[%emt 0:00:11]} 33. Qa4 {[%emt 0:00:02]} Rxc5 {[%emt 0:00:52]} 34. Qa8 {[%emt 0:02:42]} Rxd5 {[%emt 0:00:42]} 35. Qxb7+ {[%emt 0:00:16]} Rf7 {[%emt 0:00:07]} 36. Qxd5 {[%emt 0:00:04]} Nc3 {[%emt 0:00:20]} 37. Qc6 {[%emt 0:01:44]} Qf6 {[%emt 0:03:10]} 0-1

[Event "Moscow-ch Women 2021"]
[Site "Moscow"]
[Date "2021.03.26"]
[Round "2.4"]
[White "Kanevskaya, Anna"]
[Black "Zvereva, Margarita"]
[Result "0-1"]
[WhiteElo "2130"]
[BlackElo "1951"]
[Annotator "ChessBase"]
[PlyCount "76"]
[EventDate "2021.03.25"]
[EventType "swiss"]
[EventCountry "RUS"]
[SourceTitle "playchess.com"]
[Source "ChessBase"]
[SourceQuality "1"]
[TimeControl "5400+30"]

1. d4 {[%emt 0:04:52]} d5 {[%emt 0:00:00]} 2. c4 {[%emt 0:00:03]} e6 {[%emt 0:00:00]} 3. Nf3 {[%emt 0:00:03]} Nf6 {[%emt 0:00:11]} 4. Nc3 {[%emt 0:00:04]} Nbd7 {[%emt 0:00:53]} 5. Bg5 {[%emt 0:00:05]} Be7 {[%emt 0:00:15]} 6. e3 {[%emt 0:00:06]} O-O {[%emt 0:00:26]} 7. Rc1 {[%emt 0:00:04]} h6 {[%emt 0:02:30]} 8. Bh4 {[%emt 0:00:04]} dxc4 {[%emt 0:06:57]} 9. Bxc4 {[%emt 0:00:05]} a6 {[%emt 0:00:34]} 10. a4 {[%emt 0:03:27]} c5 {[%emt 0:00:48]} 11. O-O {[%emt 0:00:20]} b6 {[%emt 0:05:00]} 12. Qe2 {[%emt 0:03:37]} Bb7 {[%emt 0:14:44]} 13. Bd3 {[%emt 0:13:53]} Nh5 {[%emt 0:02:12]} 14. Bxe7 {[%emt 0:03:47]} Qxe7 {[%emt 0:00:05]} 15. Bb1 {[%emt 0:05:15]} Nhf6 {[%emt 0:05:37]} 16. Ne5 {[%emt 0:09:06]} cxd4 {[%emt 0:08:16]} 17. exd4 {[%emt 0:00:38]} Rac8 {[%emt 0:00:12]} 18. Rfd1 {[%emt 0:04:33]} Rfd8 {[%emt 0:00:37]} 19. Rc2 {[%emt 0:13:13]} Nb8 {[%emt 0:11:27]} 20. Rcd2 {[%emt 0:03:42]} a5 {[%emt 0:04:37]} 21. Bd3 {[%emt 0:13:38]} Nc6 {[%emt 0:02:59]} 22. Bb5 {[%emt 0:08:50]} Nb4 {[%emt 0:02:02]} 23. Nc4 {[%emt 0:06:28]} Nbd5 {[%emt 0:09:33]} 24. Nxd5 {[%emt 0:02:32]} Nxd5 {[%emt 0:00:09]} 25. Qg4 {[%emt 0:02:02]} Rc7 {[%emt 0:11:46]} 26. Qg3 {[%emt 0:00:39]} Bc6 {[%emt 0:02:40]} 27. Bxc6 {[%emt 0:01:36]} Rxc6 {[%emt 0:00:04]} 28. Ne5 {[%emt 0:00:31]} Rc7 {[%emt 0:00:20]} 29. Ng4 {[%emt 0:00:30]} Kh8 {[%emt 0:01:08]} 30. Ne3 {[%emt 0:00:37]} Rc6 {[%emt 0:07:18]} 31. Ng4 {[%emt 0:00:30]} Rdc8 {[%emt 0:02:10]} 32. Ne5 {[%emt 0:00:25]} Rc1 {[%emt 0:00:00]} 33. Qf3 {[%emt 0:00:37]} Kg8 {[%emt 0:00:00]} 34. h3 {[%emt 0:00:32]} Rxd1+ {[%emt 0:00:00]} 35. Rxd1 {[%emt 0:00:17]} Rc2 {[%emt 0:00:01]} 36. Qb3 {[%emt 0:00:44]} Qc7 {[%emt 0:00:24]} 37. Qb5 {[%emt 0:00:29]} Qc8 {[%emt 0:00:59]} 38. Qd3 {[%emt 0:00:32]} Rxb2 {[%emt 0:01:15]} 0-1

[Event "Moscow-ch Women 2021"]
[Site "Moscow"]
[Date "2021.03.26"]
[Round "2.5"]
[White "Kunikova, Polina S"]
[Black "Gorovenko, Darya"]
[Result "0-1"]
[WhiteElo "1028"]
[BlackElo "2106"]
[Annotator "NA"]
[PlyCount "52"]
[EventDate "2021.03.25"]
[EventType "swiss"]
[EventCountry "RUS"]
[SourceTitle "playchess.com"]
[Source "ChessBase"]
[SourceQuality "1"]
[TimeControl "5400+30"]

1. e4 {[%emt 0:00:08]} c5 {[%emt 0:01:27]} 2. c3 {[%emt 0:00:15]} d5 {[%emt 0:00:08]} 3. exd5 {[%emt 0:00:14]} Qd7 {[%emt 1:29:55]} 4. d6 Qxd6 {[%emt 0:00:00]} 5. d3 {[%emt 1:31:53]} Qd5 6. d4 {[%emt 0:00:00]} e5 {[%emt 0:00:00]} 7. Be3 {[%emt 0:00:00]} cxd4 {[%emt 0:00:00]} 8. cxd4 {[%emt 0:00:00]} Nc6 {[%emt 0:00:00]} 9. Nc3 {[%emt 0:00:00]} Bb4 {[%emt 0:00:00]} 10. Qd2 {[%emt 0:00:00]} Bxc3 {[%emt 0:00:00]} 11. bxc3 {[%emt 0:00:00]} exd4 {[%emt 0:00:00]} 12. cxd4 {[%emt 0:00:00]} Nf6 {[%emt 0:00:00]} 13. Ne2 {[%emt 0:00:00]} Ne4 {[%emt 0:00:00]} 14. Nf4 {[%emt 0:00:00]} Qd8 {[%emt 0:00:00]} 15. Qc2 {[%emt 0:00:00]} Bf5 {[%emt 0:00:00]} 16. Bd3 {[%emt 0:00:00]} Qa5+ {[%emt 0:00:00]} 17. Kf1 {[%emt 0:00:00]} Nb4 {[%emt 0:00:00]} 18. Qc4 {[%emt 0:00:00]} Nxd3 {[%emt 0:00:00]} 19. Nxd3 {[%emt 0:00:00]} O-O {[%emt 0:00:00]} 20. Qb4 {[%emt 0:00:00]} Qa6 {[%emt 0:00:00]} 21. Ke2 {[%emt 0:00:00]} Rac8 {[%emt 0:00:00]} 22. Rad1 {[%emt 0:00:00]} Nc3+ {[%emt 0:00:00]} 23. Ke1 {[%emt 0:00:00]} Nxd1 {[%emt 0:00:00]} 24. Kxd1 {[%emt 0:00:00]} Qxd3+ {[%emt 0:00:00]} 25. Bd2 {[%emt 0:00:00]} Rc1+ {[%emt 0:00:00]} 26. Kxc1 {[%emt 0:00:00]} Qc2# {[%emt 0:00:00]} 0-1